000 00639cab a2200205 4500
001 ABS40586
008 090401t1989 xxu||||| |||| 00| 0 eng d
035 _a(Sirsi) u24874
041 _aeng
100 _aWeatherhead, P.
245 4 _aThe ripple effect
260 _c1989
350 _a0
490 _aBuilding
_v254(7593) 14 April 1989, 48-51(4)
520 _aDescribes the conversion of redundant Victorian workshops in the West Midlands by the British Waterways Board and the role played in this by the private sector.
650 _aREDUNDANT BUILDINGS
690 _aRefurbishment
_96264
942 _n0
948 _c04/03/1997
999 _c16684
_d16684